| 000 | 01104cam a22003133a 4500 | ||
|---|---|---|---|
| 001 | 3969 | ||
| 003 | FISKH | ||
| 005 | 20240528153249.0 | ||
| 008 | 040317s2003 nyu ab j 000 1 eng d | ||
| 010 | _a 2004270545 | ||
| 020 | _a0439501156 | ||
| 020 | _a9780439501156 | ||
| 035 | _a(OCoLC)ocm52801296 | ||
| 040 |
_aLKR _cLKR _dOCLCQ _dBAKER _dDLC _beng |
||
| 050 | 0 | 0 | _aNK8595.C45 |
| 082 | _a688.728 | ||
| 100 | 1 | _aFarshtey, Greg. | |
| 245 | 1 | 4 |
_aThe official guide to Bionicle / _cGreg Farshtey. |
| 260 |
_aNew York : _bScholastic, _c2003. |
||
| 300 |
_a80 pages : _bcolor illustrations ; _c23 cm. |
||
| 520 | _aInside this guide you'll find information about your favorite Bionicle, the fantastic island of Mata Nui, and the Bionicle saga, filled with mystery, action, adventure and triumph! | ||
| 650 | 0 |
_aMata Nui (Imaginary place) _vJuvenile fiction. |
|
| 650 | 0 |
_aAction figures (Toys) _vJuvenile fiction. |
|
| 650 | 0 |
_aLEGO toys _vJuvenile fiction. |
|
| 655 | 7 |
_aScience fiction. _2gsafd |
|
| 906 |
_a7 _bcbc _ccopycat _d3 _encip _f20 _gy-gencatlg |
||
| 942 |
_2ddc _cBK _n0 |
||
| 999 |
_c3969 _d3969 |
||